[Event "AUT-chT2M 1617"]
[Site "Austria"]
[Date "2017.01.29"]
[Round "8.1"]
[White "Karner, Christoph"]
[Black "Kilgus, Georg"]
[Result "0-1"]
[WhiteElo "2310"]
[BlackElo "2413"]
[PlyCount "68"]
[EventDate "2016.10.07"]
[EventType "team-tourn"]
[EventRounds "11"]
[EventCountry "AUT"]
[SourceTitle "CBM 177 Extra"]
[Source "ChessBase"]
[SourceDate "2017.04.27"]
[SourceVersion "1"]
[SourceVersionDate "2017.04.27"]
[SourceQuality "1"]
[WhiteTeam "Graz Austria"]
[BlackTeam "Grieskirchen/Schallerbach"]
[WhiteTeamCountry "AUT"]
[BlackTeamCountry "AUT"]

1. e4 e6 2. d4 d5 3. Nd2 c5 4. Ngf3 cxd4 5. Nxd4 Nc6 6. Bb5 Bd7 7. Nxc6 bxc6 8. Bd3 Bd6 9. Qe2 Qc7 10. Nf3 dxe4 11. Qxe4 Nf6 12. Qh4 c5 13. 0-0 Bc6 14. Ng5 h6 15. Re1 Bxh2+ 16. Kh1 Bd6 17. Nxe6 fxe6 18. Rxe6+ Kd8 19. Rxf6 Be7 20. Bf4 Qd7 21. Qh5 Bxf6 22. Rd1 Bd4 23. c3 Rf8 24. Bg3 Qd5 25. Qh2 a5 26. f3 Rxf3 27. cxd4 Rxg3 28. Be4 Qg5 29. Bxc6 Ra6 30. dxc5+ Kc7 31. Bf3 Rf6 32. Rd3 Rf4 33. Be2 Rh4 34. Rxg3 Qxg3 0-1

[Event "AUT-chT2M 1516"]
[Site "Austria"]
[Date "2015.10.04"]
[Round "3.2"]
[White "Karner, Christoph"]
[Black "Hajnal, Zoltan"]
[Result "1-0"]
[WhiteElo "2310"]
[BlackElo "2319"]
[PlyCount "79"]
[EventDate "2015.10.02"]
[EventType "team-tourn"]
[EventRounds "11"]
[EventCountry "AUT"]
[SourceTitle "CBM 168 Extra"]
[Source "ChessBase"]
[SourceDate "2015.10.29"]
[SourceVersion "1"]
[SourceVersionDate "2015.10.29"]
[SourceQuality "1"]
[WhiteTeam "Graz Austria"]
[BlackTeam "St Valentin"]
[WhiteTeamCountry "AUT"]
[BlackTeamCountry "AUT"]

1. d4 d5 2. c4 c6 3. Nf3 Nf6 4. Nc3 dxc4 5. e4 b5 6. e5 Nd5 7. a4 e6 8. Ng5 h6 9. Nge4 b4 10. Nb1 Ba6 11. Nbd2 c3 12. Nc4 Bxc4 13. Bxc4 cxb2 14. Bxb2 Be7 15. 0-0 a5 16. Rc1 Nd7 17. Bd3 Qb6 18. Qg4 g6 19. Rfe1 Rc8 20. h4 h5 21. Qg3 Kd8 22. Nd6 Bxd6 23. exd6 N7f6 24. Rc5 Kd7 25. Bc1 Ne8 26. Rxd5 cxd5 27. Bb5+ Rc6 28. Bf4 Kd8 29. Bxc6 Qxc6 30. Rc1 Qxa4 31. Be5 Rf8 32. Qg5+ f6 33. Qxg6 Qd7 34. Bg3 Nxd6 35. Rc5 a4 36. Bxd6 Qxd6 37. Qg7 Re8 38. Qb7 Qd7 39. Qb6+ Ke7 40. Rc7 1-0

[Event "AUT-chT2M 1516"]
[Site "Austria"]
[Date "2015.10.02"]
[Round "1.6"]
[White "Nemeth, Miklos"]
[Black "Karner, Christoph"]
[Result "1-0"]
[WhiteElo "2470"]
[BlackElo "2310"]
[PlyCount "97"]
[EventDate "2015.10.02"]
[EventType "team-tourn"]
[EventRounds "11"]
[EventCountry "AUT"]
[SourceTitle "CBM 168 Extra"]
[Source "ChessBase"]
[SourceDate "2015.10.29"]
[SourceVersion "1"]
[SourceVersionDate "2015.10.29"]
[SourceQuality "1"]
[WhiteTeam "Steyregg"]
[BlackTeam "Graz Austria"]
[WhiteTeamCountry "AUT"]
[BlackTeamCountry "AUT"]

1. e4 c5 2. Nf3 d6 3. d4 cxd4 4. Nxd4 Nf6 5. Nc3 a6 6. Bg5 e6 7. f4 Qb6 8. Qd3 Nc6 9. Bxf6 gxf6 10. Nb3 Bd7 11. Be2 h5 12. 0-0-0 0-0-0 13. Rhe1 Kb8 14. Kb1 Be7 15. Qh3 Na5 16. f5 Nxb3 17. axb3 Rc8 18. Bc4 d5 19. exd5 e5 20. d6 Bf8 21. Bxf7 Rd8 22. Qh4 Bxd6 23. Qxf6 Bc7 24. Qg7 Bc6 25. Bd5 e4 26. Nxe4 Bxh2 27. g3 h4 28. gxh4 Bxd5 29. Rxd5 Rxh4 30. Rxd8+ Qxd8 31. Nc5 Qd5 32. f6 Qxc5 33. f7 Bd6 34. f8Q+ Bxf8 35. Qg3+ Bd6 36. Qxh4 a5 37. Qd8+ Ka7 38. Rd1 Bc7 39. Qd7 Bb6 40. Rd5 Qg1+ 41. Ka2 Qf2 42. c3 Qc2 43. Qb5 Qg2 44. Rd6 Qf2 45. b4 axb4 46. Qxb4 Qf7+ 47. c4 Qc7 48. Re6 Ba5 49. Qb5 1-0

[Event "Steyr Landesliga 1415"]
[Site "Austria"]
[Date "2015.03.21"]
[Round "9.1"]
[White "Karner, Christoph"]
[Black "Bukal, Vladimir Jr"]
[Result "0-1"]
[WhiteElo "2333"]
[BlackElo "2421"]
[PlyCount "88"]
[EventDate "2014.09.27"]
[EventType "team-tourn"]
[EventRounds "11"]
[EventCountry "AUT"]
[SourceTitle "EXT 2016"]
[Source "ChessBase"]
[SourceDate "2015.10.08"]
[SourceVersion "1"]
[SourceVersionDate "2015.10.08"]
[SourceQuality "1"]
[WhiteTeam "Graz Austria"]
[BlackTeam "Trofaiach Niklasdorf"]
[WhiteTeamCountry "AUT"]
[BlackTeamCountry "AUT"]

1. d4 e6 2. Nf3 f5 3. g3 Nf6 4. Bg2 d5 5. 0-0 Bd6 6. c4 c6 7. b3 Qe7 8. Bb2 Ne4 9. Nbd2 0-0 10. Ne5 Nd7 11. Nd3 b6 12. Nf3 Bb7 13. cxd5 exd5 14. e3 c5 15. dxc5 bxc5 16. Nf4 Nb6 17. Rc1 d4 18. exd4 Bxf4 19. gxf4 Nd5 20. dxc5 Nxf4 21. c6 Ba6 22. Rc2 Qe6 23. Nd4 Qg6 24. f3 Nc5 25. Ba3 Ncd3 26. Bxf8 Rxf8 27. c7 Qb6 28. Qa1 Nb4 29. c8Q Bxc8 30. Rd2 Ba6 31. Re1 Nbd3 32. Re3 Rc8 33. Rd1 Qg6 34. Re2 Nh3+ 35. Kf1 Ndf4 36. Bxh3 Nxh3 37. Ke1 Bxe2 38. Nxe2 Ng1 39. Nf4 Nxf3+ 40. Kf2 Qg4 41. Rd7 Nh4 42. Qe5 Qf3+ 43. Ke1 Rc1+ 44. Kd2 Qd1+ 0-1

[Event "AUT-chT2O 1415"]
[Site "Austria"]
[Date "2015.02.22"]
[Round "9.4"]
[White "Karner, Christoph"]
[Black "Liedl, Wolfgang"]
[Result "0-1"]
[WhiteElo "2333"]
[BlackElo "2226"]
[PlyCount "128"]
[EventDate "2014.10.18"]
[EventType "team-tourn"]
[EventRounds "11"]
[EventCountry "AUT"]
[SourceTitle "EXT 2016"]
[Source "ChessBase"]
[SourceDate "2015.10.08"]
[SourceVersion "1"]
[SourceVersionDate "2015.10.08"]
[SourceQuality "1"]
[WhiteTeam "Tschaturanga"]
[BlackTeam "Austria"]
[WhiteTeamCountry "AUT"]
[BlackTeamCountry "AUT"]

1. d4 d5 2. c4 c6 3. Nf3 Nf6 4. Nc3 dxc4 5. a4 Bf5 6. Nh4 e6 7. Nxf5 exf5 8. e3 Bb4 9. Bxc4 0-0 10. Bd2 c5 11. dxc5 Bxc5 12. 0-0 Nc6 13. Qe2 Ne5 14. Ba2 Qd3 15. Rfd1 Rfd8 16. Be1 Qxe2 17. Nxe2 Nd3 18. Bc3 Ne4 19. Bd4 Ndxf2 20. Rf1 Bxd4 21. Nxd4 Ng4 22. Nxf5 Ngf6 23. Rac1 g6 24. Nh6+ Kg7 25. Nxf7 Rd7 26. Ne5 Re7 27. Nf3 b6 28. Rc6 Rd8 29. Nd4 Rd6 30. Rxd6 Nxd6 31. Ne6+ Kf7 32. Rc1 Nfe4 33. Nf4+ Kg7 34. Nd5 Rd7 35. b4 Nf5 36. h3 Nf6 37. Nxf6 Kxf6 38. Rc6+ Kg5 39. e4 Rd1+ 40. Kh2 Nd4 41. Rc3 Rd2 42. Bg8 h5 43. e5 Kf5 44. Bh7 h4 45. b5 Re2 46. Rd3 Re4 47. e6 Nxe6 48. Rd5+ Kf6 49. Rd7 Rxa4 50. Bg8 Nf4 51. Bd5 Nxd5 52. Rxd5 Ra1 53. Rd7 Ra5 54. Kg1 Rxb5 55. Rxa7 Re5 56. Rb7 b5 57. Kf2 g5 58. Kf3 Ke6 59. Kg4 Kd6 60. Kh5 Kc5 61. Rc7+ Kd4 62. Kg6 b4 63. Rb7 Kc4 64. Kf6 Rb5 0-1

[Event "Graz op-A"]
[Site "Graz"]
[Date "2015.02.16"]
[Round "5"]
[White "Karner, Christoph"]
[Black "Perez Ponsa, Federico"]
[Result "0-1"]
[WhiteElo "2316"]
[BlackElo "2558"]
[PlyCount "47"]
[EventDate "2015.02.13"]
[EventType "swiss"]
[EventRounds "9"]
[EventCountry "AUT"]
[SourceTitle "CBM 164 Extra"]
[Source "ChessBase"]
[SourceDate "2015.03.02"]
[SourceVersion "1"]
[SourceVersionDate "2015.03.02"]
[SourceQuality "1"]

1. d4 Nf6 2. c4 g6 3. Nc3 Bg7 4. e4 d6 5. Nf3 0-0 6. Be2 e5 7. 0-0 Nc6 8. d5 Ne7 9. Ne1 Nd7 10. Be3 f5 11. f3 f4 12. Bf2 g5 13. a4 a5 14. Nd3 b6 15. b4 axb4 16. Nxb4 Nf6 17. Nc6 Nxc6 18. dxc6 Qe8 19. Nd5 Rf7 20. Qb3 Be6 21. a5 bxa5 22. Qb7 Qd8 23. Rfb1 Bxd5 24. cxd5 0-1

[Event "AUT-chT2O 1415"]
[Site "Austria"]
[Date "2015.01.25"]
[Round "7.5"]
[White "Wilke, Werner"]
[Black "Karner, Christoph"]
[Result "1-0"]
[WhiteElo "2225"]
[BlackElo "2333"]
[PlyCount "131"]
[EventDate "2014.10.18"]
[EventType "team-tourn"]
[EventRounds "11"]
[EventCountry "AUT"]
[SourceTitle "EXT 2016"]
[Source "ChessBase"]
[SourceDate "2015.10.08"]
[SourceVersion "1"]
[SourceVersionDate "2015.10.08"]
[SourceQuality "1"]
[WhiteTeam "Poechlarn"]
[BlackTeam "Tschaturanga"]
[WhiteTeamCountry "AUT"]
[BlackTeamCountry "AUT"]

1. e4 c5 2. Nf3 d6 3. Bb5+ Bd7 4. Bxd7+ Qxd7 5. c4 Nc6 6. Nc3 Nf6 7. d4 cxd4 8. Nxd4 g6 9. f3 Bg7 10. Nde2 0-0 11. Bg5 Rfc8 12. Qd2 Qd8 13. 0-0 a6 14. Kh1 Rab8 15. Rac1 Qa5 16. Rfd1 Ne5 17. b3 Nd3 18. Qxd3 Qxg5 19. g3 b5 20. cxb5 axb5 21. h4 Qe5 22. f4 Qh5 23. Kg2 Nd7 24. Nd5 Re8 25. Rc7 Nc5 26. Qf3 Qxf3+ 27. Kxf3 Kf8 28. h5 Ne6 29. Rc2 Rec8 30. Rdc1 Rxc2 31. Rxc2 gxh5 32. Ke3 Nc5 33. Nd4 e6 34. Nb4 e5 35. Nf5 Ne6 36. Nxd6 exf4+ 37. gxf4 Bd4+ 38. Kd3 Bc5 39. Na6 Nxf4+ 40. Kd2 Rd8 41. Nxc5 Rxd6+ 42. Ke3 Ng6 43. Nd3 h4 44. Nf4 Rd1 45. Rh2 Re1+ 46. Ne2 Kg7 47. Kd2 Rf1 48. Nd4 Ne5 49. Rxh4 b4 50. Rh5 Rf2+ 51. Ke3 Ng4+ 52. Kd3 Kg6 53. Rf5 Rxa2 54. Nf3 f6 55. Nh4+ Kg7 56. Rb5 Ne5+ 57. Ke3 Rh2 58. Rb7+ Kf8 59. Nf5 Rh3+ 60. Kd4 Rxb3 61. Kd5 h5 62. Ke6 Ng4 63. Ng7 h4 64. Nf5 Nf2 65. Kxf6 Nxe4+ 66. Kg6 1-0

[Event "AUT-chT2O 1415"]
[Site "Austria"]
[Date "2015.01.24"]
[Round "6.2"]
[White "Lendwai, Reinhard"]
[Black "Karner, Christoph"]
[Result "1/2-1/2"]
[WhiteElo "2347"]
[BlackElo "2333"]
[PlyCount "110"]
[EventDate "2014.10.18"]
[EventType "team-tourn"]
[EventRounds "11"]
[EventCountry "AUT"]
[SourceTitle "EXT 2016"]
[Source "ChessBase"]
[SourceDate "2015.10.08"]
[SourceVersion "1"]
[SourceVersionDate "2015.10.08"]
[SourceQuality "1"]
[WhiteTeam "Nickelsdorf"]
[BlackTeam "Tschaturanga"]
[WhiteTeamCountry "AUT"]
[BlackTeamCountry "AUT"]

1. Nf3 Nf6 2. b3 g6 3. Bb2 Bg7 4. g3 c5 5. c4 Nc6 6. Bg2 0-0 7. 0-0 d6 8. d4 cxd4 9. Nxd4 Bd7 10. Nc3 Nxd4 11. Qxd4 Bc6 12. Nd5 Ne8 13. Qd2 Bxb2 14. Qxb2 a5 15. Rad1 Bxd5 16. Rxd5 Qc7 17. Rfd1 Nf6 18. R5d4 Rab8 19. Qd2 Rfc8 20. Bh3 Rd8 21. Qh6 e5 22. Rh4 Qe7 23. g4 Qf8 24. Qxf8+ Kxf8 25. g5 Nh5 26. Bg4 h6 27. Bxh5 hxg5 28. Rh3 gxh5 29. Rxh5 a4 30. Rd5 axb3 31. axb3 Ke7 32. Rxg5 Ke6 33. e4 b5 34. cxb5 Rdc8 35. Rg3 Rc5 36. Rxc5 dxc5 37. Rc3 Rxb5 38. Kg2 f5 39. exf5+ Kxf5 40. h4 Kg4 41. Re3 Rb4 42. h5 Kxh5 43. Rxe5+ Kg6 44. Rxc5 Rxb3 45. f3 Rb6 46. Kg3 Kf6 47. Kg4 Rb4+ 48. f4 Rb6 49. Rh5 Kg7 50. Rh2 Kg6 51. f5+ Kf7 52. Rh7+ Kg8 53. Ra7 Kf8 54. Kg5 Rc6 55. Ra5 Kf7 1/2-1/2

[Event "Vienna Tschaturanga op"]
[Site "Vienna"]
[Date "2014.05.11"]
[Round "7"]
[White "Kovalev, Andrei"]
[Black "Karner, Christoph"]
[Result "1-0"]
[WhiteElo "2470"]
[BlackElo "2335"]
[PlyCount "85"]
[EventDate "2014.05.05"]
[EventType "swiss"]
[EventRounds "7"]
[EventCountry "AUT"]
[SourceTitle "CBM 160 Extra"]
[Source "ChessBase"]
[SourceDate "2014.07.01"]
[SourceVersion "1"]
[SourceVersionDate "2014.07.01"]
[SourceQuality "1"]

1. e4 c5 2. Nc3 d6 3. Nf3 Nf6 4. d4 cxd4 5. Nxd4 a6 6. Be2 e5 7. Nb3 Be7 8. 0-0 0-0 9. a4 Nc6 10. Bg5 Be6 11. Bxf6 Bxf6 12. Nd5 Bg5 13. a5 Ne7 14. Nb6 Rb8 15. Bc4 Bxc4 16. Nxc4 Qc7 17. Nb6 Rbd8 18. Qd3 f5 19. Rad1 fxe4 20. Qxe4 Rf4 21. Qd3 d5 22. c4 d4 23. Nd2 Qc6 24. Rfe1 Rdf8 25. Rxe5 Qf6 26. Nd7 Qd6 27. Nxf8 Qxe5 28. Nf3 Qf5 29. Nxg5 Kxf8 30. Qxf5+ Rxf5 31. Ne6+ Kg8 32. b4 Rf6 33. Nd8 b6 34. Rxd4 bxa5 35. bxa5 Rf5 36. Nb7 Nc6 37. Rd5 Rf7 38. Nd8 Re7 39. f4 Nb8 40. c5 Re1+ 41. Kf2 Ra1 42. c6 Rc1 43. Re5 1-0

[Event "AUT-chT2M 1314"]
[Site "Austria"]
[Date "2014.03.21"]
[Round "6.2"]
[White "Karner, Christoph"]
[Black "Sandhoefner, Florian"]
[Result "1/2-1/2"]
[WhiteElo "2339"]
[BlackElo "2307"]
[PlyCount "58"]
[EventDate "2013.10.04"]
[EventType "team-tourn"]
[EventRounds "11"]
[EventCountry "AUT"]
[SourceTitle "EXT 2015"]
[Source "ChessBase"]
[SourceDate "2014.11.20"]
[SourceVersion "1"]
[SourceVersionDate "2014.11.20"]
[SourceQuality "1"]
[WhiteTeam "Graz Austria"]
[BlackTeam "St Valentin"]
[WhiteTeamCountry "AUT"]
[BlackTeamCountry "AUT"]

1. d4 d5 2. c4 c6 3. cxd5 cxd5 4. Nf3 Nf6 5. Nc3 Nc6 6. Bf4 Bf5 7. e3 e6 8. Qb3 Bb4 9. Bb5 0-0 10. 0-0 Bd6 11. Bxc6 bxc6 12. Na4 Rb8 13. Qc3 Bxf4 14. exf4 Qd6 15. Ne5 Rfc8 16. Rfc1 Rc7 17. Nc5 Ne4 18. Qa3 Nxc5 19. dxc5 Qe7 20. b3 f6 21. Nf3 Be4 22. Nd2 Bg6 23. Re1 Rb5 24. Rac1 Rcb7 25. Nf3 Rb4 26. Qa6 Rc7 27. Qa5 Rcb7 28. Qa6 Rc7 29. Qa5 Rcb7 1/2-1/2

[Event "AUT-chT2M 1314"]
[Site "Austria"]
[Date "2013.10.04"]
[Round "1.2"]
[White "Pilaj, Herwig"]
[Black "Karner, Christoph"]
[Result "1-0"]
[WhiteElo "2355"]
[BlackElo "2339"]
[PlyCount "107"]
[EventDate "2013.10.04"]
[EventType "team-tourn"]
[EventRounds "11"]
[EventCountry "AUT"]
[SourceTitle "CBM 156 Extra"]
[Source "ChessBase"]
[SourceDate "2013.10.22"]
[SourceVersion "1"]
[SourceVersionDate "2013.10.22"]
[SourceQuality "1"]
[WhiteTeam "Graz Styria"]
[BlackTeam "Graz Austria"]
[WhiteTeamCountry "AUT"]
[BlackTeamCountry "AUT"]

1. c4 Nf6 2. Nc3 g6 3. g3 Bg7 4. Bg2 d6 5. d3 0-0 6. e4 c5 7. Nge2 Nc6 8. 0-0 Bg4 9. f3 Bd7 10. Be3 Ne8 11. Qd2 Nc7 12. Bh6 Ne6 13. Bxg7 Kxg7 14. f4 Ned4 15. Rae1 Rb8 16. h4 f5 17. h5 gxh5 18. e5 dxe5 19. fxe5 e6 20. Nf4 Qg5 21. Kf2 h4 22. Re3 Kh8 23. Rh1 Rg8 24. Rh3 Nb4 25. Rxh4 Nbc2 26. Rh3 Nxe3 27. Qxe3 Rbe8 28. b4 b6 29. b5 Bc8 30. Qe1 Re7 31. a4 Bb7 32. Bxb7 Rxb7 33. a5 Rbg7 34. Nce2 Nxe2 35. Qxe2 Qg4 36. Qxg4 Rxg4 37. a6 R4g5 38. Nxe6 Rg4 39. Nf4 Re8 40. e6 Kg7 41. Rh5 Rxf4+ 42. gxf4 Kg6 43. Rh1 Re7 44. Re1 Kf6 45. Re5 h5 46. Rd5 h4 47. Rd7 Kxe6 48. Rxe7+ Kxe7 49. Kg2 Kf6 50. Kh3 Kg6 51. Kxh4 Kh6 52. Kg3 Kg6 53. Kf3 Kf6 54. d4 1-0

[Event "Pula op 27th"]
[Site "Pula"]
[Date "2013.06.12"]
[Round "6"]
[White "Drazic, Sinisa"]
[Black "Karner, Christoph"]
[Result "1-0"]
[WhiteElo "2463"]
[BlackElo "2321"]
[PlyCount "103"]
[EventDate "2013.06.08"]
[EventType "swiss"]
[EventRounds "9"]
[EventCountry "CRO"]
[SourceTitle "CBM 154 Extra"]
[Source "ChessBase"]
[SourceDate "2013.06.25"]
[SourceVersion "2"]
[SourceVersionDate "2013.06.25"]
[SourceQuality "1"]

1. g3 g6 2. Bg2 Bg7 3. e4 c5 4. Ne2 Nc6 5. c3 e5 6. 0-0 Nge7 7. f4 d6 8. Na3 0-0 9. h3 Be6 10. d3 Qd7 11. Kh2 f5 12. Be3 b6 13. Nc2 Rad8 14. Bg1 d5 15. exf5 Bxf5 16. fxe5 Bxe5 17. d4 cxd4 18. Ncxd4 Be4 19. Qd2 Nf5 20. Nxf5 gxf5 21. Rad1 Qg7 22. Be3 Rd6 23. Nf4 Kh8 24. Qf2 Rg8 25. Rd2 Rh6 26. Rfd1 Qg4 27. Rf1 Rg5 28. Rh1 Kg8 29. Rg1 Bxf4 30. Qxf4 Rxh3+ 31. Bxh3 Rh5 32. Qg5+ Qxg5 33. Bxg5 Rxg5 34. Rgd1 Rh5 35. Rxd5 Bxd5 36. Rxd5 Ne7 37. Rd7 Ng6 38. Kg2 f4 39. Be6+ Kh8 40. Rxa7 Rg5 41. g4 Re5 42. Bf5 Nh4+ 43. Kf2 Nxf5 44. gxf5 Rxf5 45. Kf3 h5 46. Ra4 Rb5 47. Rb4 Rxb4 48. cxb4 Kg7 49. Kxf4 Kf6 50. b5 Ke6 51. a4 Kd5 52. b3 1-0

[Event "Steyr Landesliga 1213"]
[Site "Austria"]
[Date "2013.04.13"]
[Round "9.1"]
[White "Mahdy, Khaled"]
[Black "Karner, Christoph"]
[Result "0-1"]
[WhiteElo "2385"]
[BlackElo "2304"]
[PlyCount "90"]
[EventDate "2012.09.22"]
[EventType "team-tourn"]
[EventRounds "11"]
[EventCountry "AUT"]
[SourceTitle "EXT 2014"]
[Source "ChessBase"]
[SourceDate "2013.11.20"]
[SourceVersion "1"]
[SourceVersionDate "2013.11.20"]
[SourceQuality "1"]
[WhiteTeam "Pinggau Friedberg"]
[BlackTeam "Graz Austria"]
[WhiteTeamCountry "AUT"]
[BlackTeamCountry "AUT"]

1. e4 c6 2. Nf3 d5 3. Nc3 Bg4 4. h3 Bxf3 5. Qxf3 e6 6. d3 Nf6 7. Bd2 Nbd7 8. g4 g6 9. Be2 d4 10. Nd1 h5 11. g5 Nh7 12. Qg2 e5 13. c3 dxc3 14. bxc3 Bg7 15. h4 Nhf8 16. f4 exf4 17. Bxf4 Ne6 18. Bd2 0-0 19. d4 c5 20. d5 Nc7 21. 0-0 Qe7 22. Rb1 b6 23. Bf4 Ne8 24. Bb5 Ne5 25. Bxe8 Rfxe8 26. Nf2 c4 27. Rbd1 Rad8 28. Rd4 b5 29. Rd2 Qa3 30. Rc2 Nd3 31. Nxd3 cxd3 32. Rd2 Qxc3 33. Qf3 Qd4+ 34. Kg2 Rxe4 35. Bg3 Qxd5 36. Rfd1 Rd4 37. Qxd5 R4xd5 38. Rf2 b4 39. Rf4 a5 40. Rc4 Re8 41. Kf3 d2 42. Bf4 Bc3 43. Re4 Rxe4 44. Kxe4 Rd7 45. Be3 a4 0-1

[Event "AUT-chT2M 1213"]
[Site "Austria"]
[Date "2013.03.24"]
[Round "8.2"]
[White "Taggatz, Mario"]
[Black "Karner, Christoph"]
[Result "1/2-1/2"]
[WhiteElo "2303"]
[BlackElo "2304"]
[PlyCount "61"]
[EventDate "2012.10.19"]
[EventType "team-tourn"]
[EventRounds "11"]
[EventCountry "AUT"]
[SourceTitle "EXT 2014"]
[Source "ChessBase"]
[SourceDate "2013.11.20"]
[SourceVersion "1"]
[SourceVersionDate "2013.11.20"]
[SourceQuality "1"]
[WhiteTeam "Sauwald"]
[BlackTeam "Graz Austria"]
[WhiteTeamCountry "AUT"]
[BlackTeamCountry "AUT"]

1. Nf3 Nf6 2. c4 d6 3. d4 Bg4 4. Nc3 Bxf3 5. exf3 g6 6. Be3 Bg7 7. d5 c6 8. Be2 Nbd7 9. Qd2 a6 10. Rd1 Qa5 11. g4 h5 12. g5 Nh7 13. Bd4 Bxd4 14. Qxd4 0-0 15. f4 cxd5 16. cxd5 Rfc8 17. Rg1 Nhf8 18. Rd3 Qb6 19. Qxb6 Nxb6 20. Re3 e6 21. Kd2 Nc4+ 22. Bxc4 Rxc4 23. Re4 exd5 24. Nxd5 Rxe4 25. Nf6+ Kg7 26. Nxe4 Ne6 27. Ke3 d5 28. Nf6 Rd8 29. Rd1 d4+ 30. Ke4 d3 31. Ke3 1/2-1/2

[Event "AUT-chT2M 1112"]
[Site "Austria"]
[Date "2012.04.29"]
[Round "11.2"]
[White "Wertjanz, David"]
[Black "Karner, Christoph"]
[Result "1/2-1/2"]
[WhiteElo "2257"]
[BlackElo "2381"]
[PlyCount "62"]
[EventDate "2011.10.21"]
[EventType "team-tourn"]
[EventRounds "11"]
[EventCountry "AUT"]
[SourceTitle "EXT 2013"]
[Source "ChessBase"]
[SourceDate "2012.11.22"]
[SourceVersion "1"]
[SourceVersionDate "2012.11.22"]
[SourceQuality "1"]
[WhiteTeam "Die Klagenfurter"]
[BlackTeam "Graz Austria"]
[WhiteTeamCountry "AUT"]
[BlackTeamCountry "AUT"]

1. e4 c5 2. Nf3 d6 3. d4 cxd4 4. Nxd4 Nf6 5. Nc3 a6 6. Bc4 e6 7. Bb3 Nbd7 8. Bg5 Qa5 9. Qd2 Be7 10. 0-0-0 Nc5 11. Rhe1 Qc7 12. f4 h6 13. Bxf6 Bxf6 14. Kb1 Bd7 15. Nde2 Bc6 16. Qxd6 Qxd6 17. Rxd6 Nxe4 18. Nxe4 Bxe4 19. Ng3 Bxg2 20. f5 e5 21. Ne4 Ke7 22. Rb6 Rab8 23. Bd5 Bh4 24. Ng3 Bxg3 25. hxg3 Bxd5 26. Rxe5+ Kd7 27. Rxd5+ Kc7 28. Rb4 Rbd8 29. Rc5+ Kd6 30. Rc3 Ke5 31. a4 Rd7 1/2-1/2

[Event "Steyr Landesliga 1112"]
[Site "Austria"]
[Date "2011.11.12"]
[Round "5.1"]
[White "Karner, Christoph"]
[Black "Horvath, Adam"]
[Result "0-1"]
[WhiteElo "2381"]
[BlackElo "2473"]
[PlyCount "56"]
[EventDate "2011.09.24"]
[EventType "team-tourn"]
[EventRounds "11"]
[EventCountry "AUT"]
[SourceTitle "EXT 2013"]
[Source "ChessBase"]
[SourceDate "2012.11.22"]
[SourceVersion "1"]
[SourceVersionDate "2012.11.22"]
[SourceQuality "1"]
[WhiteTeam "Graz Austria"]
[BlackTeam "Gleisdorf"]
[WhiteTeamCountry "AUT"]
[BlackTeamCountry "AUT"]

1. d4 Nf6 2. c4 e6 3. g3 d5 4. Bg2 dxc4 5. Nf3 a6 6. Ne5 c5 7. Na3 cxd4 8. Naxc4 Ra7 9. Bd2 b6 10. Qb3 Bb7 11. Bxb7 Rxb7 12. Na5 Ra7 13. 0-0 Ne4 14. Qa4+ b5 15. Qc2 Nxd2 16. Qxd2 Qd5 17. Rac1 Qxe5 18. Rc8+ Kd7 19. Rfc1 Bb4 20. Qc2 Bxa5 21. Rxh8 Rc7 22. Qd1 h6 23. Rxc7+ Bxc7 24. Qd2 Nc6 25. Rf8 Ke7 26. Ra8 Nb8 27. Qc2 Kd7 28. Ra7 Qd6 0-1

[Event "AUT-chT2M 1112"]
[Site "Austria"]
[Date "2011.10.23"]
[Round "3.1"]
[White "Flumbort, Andras"]
[Black "Karner, Christoph"]
[Result "1-0"]
[WhiteElo "2539"]
[BlackElo "2381"]
[PlyCount "63"]
[EventDate "2011.10.21"]
[EventType "team-tourn"]
[EventRounds "11"]
[EventCountry "AUT"]
[SourceTitle "EXT 2013"]
[Source "ChessBase"]
[SourceDate "2012.11.22"]
[SourceVersion "1"]
[SourceVersionDate "2012.11.22"]
[SourceQuality "1"]
[WhiteTeam "St Valentin"]
[BlackTeam "Graz Austria"]
[WhiteTeamCountry "AUT"]
[BlackTeamCountry "AUT"]

1. d4 Nf6 2. c4 g6 3. Nf3 Bg7 4. g3 0-0 5. Bg2 d6 6. Nc3 Nbd7 7. 0-0 e5 8. e4 a6 9. h3 b5 10. dxe5 dxe5 11. Qe2 c6 12. cxb5 axb5 13. b4 c5 14. Rb1 cxb4 15. Rxb4 Qa5 16. Qb2 Ba6 17. Bd2 Nc5 18. Nxe5 Rfe8 19. Nc6 Qb6 20. e5 Nd3 21. Qb1 Nxb4 22. Nxb4 Nd7 23. Bxa8 Rxa8 24. Ncd5 Qd4 25. Bc3 Qc4 26. Rd1 Bb7 27. Ne7+ Kf8 28. Rxd7 Be4 29. Qd1 Ke8 30. Rd4 Qxc3 31. Rxe4 Rd8 32. Ned5 1-0